Library Logo

Pioneer International University Library Catalogue

Microscale experiments for general chemistry (Record no. 1112)

MARC details
000 -LEADER
fixed length control field 00294nam a22000977a 4500
005 - DATE AND TIME OF LATEST TRANSACTION
control field 20250901165245.0
008 - FIXED-LENGTH DATA ELEMENTS--GENERAL INFORMATION
fixed length control field 210301b ||||| |||| 00| 0 eng d
050 ## - LIBRARY OF CONGRESS CALL NUMBER
Classification number QD43 .M55
245 ## - TITLE STATEMENT
Title Microscale experiments for general chemistry
Statement of responsibility, etc. MILLS, JERRY L.
942 ## - ADDED ENTRY ELEMENTS (KOHA)
Source of classification or shelving scheme Library of Congress Classification
Classification part QD43 .M55 1991
Holdings
Withdrawn status Lost status Source of classification or shelving scheme Damaged status Not for loan Home library Current library Shelving location Date acquired Total checkouts Full call number Barcode Date last seen Price effective from Koha item type
    Library of Congress Classification     Main Library Main Library   03/01/2021   QD43 .M55 1991 PIU0000698 03/01/2021 03/01/2021 Books